Wider den Muff von 1000 Jahren: die 68er Bewegung und der Nationalsozialismus
Saved in:
| Main Author: | |
|---|---|
| Format: | Chapter/Article |
| Language: | German |
| Published: |
2008
|
| In: |
Die 68er
Year: 2008, Pages: 122-127 |
| Online Access: |
|
| Author Notes: | Katrin Hammerstein |
MARC
| LEADER | 00000caa a2200000 c 4500 | ||
|---|---|---|---|
| 001 | 1566290708 | ||
| 003 | DE-627 | ||
| 005 | 20220814042521.0 | ||
| 007 | tu | ||
| 008 | 171212s2008 xx ||||| 00| ||ger c | ||
| 035 | |a (DE-627)1566290708 | ||
| 035 | |a (DE-576)496290703 | ||
| 035 | |a (DE-599)BSZ496290703 | ||
| 035 | |a (OCoLC)1340982967 | ||
| 040 | |a DE-627 |b ger |c DE-627 |e rda | ||
| 041 | |a ger | ||
| 084 | |a 63 |2 sdnb | ||
| 100 | 1 | |a Hammerstein, Katrin |d 1977- |e VerfasserIn |0 (DE-588)137882386 |0 (DE-627)597675732 |0 (DE-576)261690108 |4 aut | |
| 245 | 1 | 0 | |a Wider den Muff von 1000 Jahren |b die 68er Bewegung und der Nationalsozialismus |c Katrin Hammerstein |
| 246 | 3 | 0 | |a achtundsechziger |
| 264 | 1 | |c 2008 | |
| 300 | |b Illustrationen | ||
| 300 | |a 6 | ||
| 336 | |a Text |b txt |2 rdacontent | ||
| 337 | |a ohne Hilfsmittel zu benutzen |b n |2 rdamedia | ||
| 338 | |a Band |b nc |2 rdacarrier | ||
| 500 | |a Literaturangaben | ||
| 773 | 0 | 8 | |i Enthalten in |t Die 68er |d Essen : Klartext, 2008 |g (2008), Seite 122-127 |h 302 Seiten |w (DE-627)558034330 |w (DE-576)276322118 |z 9783892820505 |z 3898618870 |z 9783898618878 |7 nnam |a Wider den Muff von 1000 Jahren die 68er Bewegung und der Nationalsozialismus |
| 773 | 1 | 8 | |g year:2008 |g pages:122-127 |g extent:6 |a Wider den Muff von 1000 Jahren die 68er Bewegung und der Nationalsozialismus |
| 951 | |a AR | ||
| 992 | |a 20171212 | ||
| 993 | |a BookComponentPart | ||
| 994 | |a 2008 | ||
| 998 | |g 137882386 |a Hammerstein, Katrin |m 137882386:Hammerstein, Katrin |d 70000 |d 72000 |d 72020 |e 70000PH137882386 |e 72000PH137882386 |e 72020PH137882386 |k 0/70000/ |k 1/70000/72000/ |k 2/70000/72000/72020/ |p 1 |x j |y j | ||
| 999 | |a KXP-PPN1566290708 |e 2989739963 | ||
| BIB | |a Y | ||
| JSO | |a {"type":{"bibl":"chapter"},"physDesc":[{"noteIll":"Illustrationen","extent":"6 S."}],"person":[{"given":"Katrin","family":"Hammerstein","display":"Hammerstein, Katrin","role":"aut"}],"name":{"displayForm":["Katrin Hammerstein"]},"language":["ger"],"id":{"eki":["1566290708"]},"relHost":[{"titleAlt":[{"title":"Die Achtundsechziger"},{"title":"Die Achtundsechziger. Kurzer Sommer - lange Wirkung"}],"disp":"Wider den Muff von 1000 Jahren die 68er Bewegung und der NationalsozialismusDie 68er","person":[{"given":"Andreas","family":"Schwab","display":"Schwab, Andreas","role":"edt"},{"role":"edt","family":"Schappach","given":"Beate","display":"Schappach, Beate"},{"given":"Manuel","family":"Gogos","display":"Gogos, Manuel","role":"edt"},{"role":"oth","given":"Jan","family":"Gerchow","display":"Gerchow, Jan"}],"type":{"bibl":"edited-book"},"corporate":[{"role":"oth","display":"Historisches Museum Frankfurt"}],"name":{"displayForm":["herausgegeben von Andreas Schwab, Beate Schappach, Manuel Gogos"]},"language":["ger"],"part":{"extent":"6","year":"2008","pages":"122-127","text":"(2008), Seite 122-127"},"id":{"isbn":["9783892820505","3898618870","9783898618878"],"eki":["558034330"]},"relMultPart":[{"dispAlt":"Historisches Museum Frankfurt: Schriften des Historischen Museums Frankfurt am Main","recId":"129946044","title":[{"title_sort":"Schriften des Historischen Museums Frankfurt am Main","title":"Schriften des Historischen Museums Frankfurt am Main"}],"id":{"zdb":["400594-6"],"eki":["129946044"],"issn":["0342-2038"]},"part":{"number_sort":["27"],"number":["27"]},"language":["ger"],"corporate":[{"role":"aut","display":"Historisches Museum Frankfurt"}],"name":{"displayForm":["im Auftrag des Dezernats für Kultur und Freizeit hrsg."]},"type":{"bibl":"serial"},"disp":"Schriften des Historischen Museums Frankfurt am Main","titleAlt":[{"title":"Schriften des Historischen Museums"},{"title":"Schriften des Historischen Museums Frankfurt"}],"note":["Urh. früher: Direktion des Historischen Museums der Stadt Frankfurt am Main"],"origin":[{"publisher":"Historisches Museum ; Henrich Ed. ; Hatje Cantz ; Imhof ; Klartext ; Societätsverl. ; Strothotte ; Kramer ; Thorbecke ; Anabas ; Amt für Wissenschaft und Kunst","dateIssuedKey":"1925","publisherPlace":"Frankfurt, M. ; Frankfurt, M. ; Ostfildern ; Petersberg ; Essen ; Frankfurt, M. ; Gütersloh ; Frankfurt, M. ; Sigmaringen ; Giessen ; Frankfurt, M.","dateIssuedDisp":"1925-"}],"pubHistory":["1.1925 - 5.1929; 7.1954 -"]}],"origin":[{"publisherPlace":"Essen","dateIssuedDisp":"2008","publisher":"Klartext","dateIssuedKey":"2008"}],"note":["Literaturangaben","Die 68er. Kurzer Sommer – lange Wirkung. Eine Ausstellung des Historischen Museums, Frankfurt am Main in Kooperation mit dem Ausstellungsbüro Palma3, Bern, 1. Mai bis 31. August 2008","Literaturverzeichnis: Seite 292-299"],"physDesc":[{"extent":"302 Seiten","noteFormat":"28 cm","noteIll":"Illustrationen"}],"title":[{"title_sort":"68er","subtitle":"kurzer Sommer – lange Wirkung","title":"Die 68er"}],"recId":"558034330"}],"recId":"1566290708","title":[{"title":"Wider den Muff von 1000 Jahren","subtitle":"die 68er Bewegung und der Nationalsozialismus","title_sort":"Wider den Muff von 1000 Jahren"}],"origin":[{"dateIssuedKey":"2008","dateIssuedDisp":"2008"}],"note":["Literaturangaben"]} | ||
| SRT | |a HAMMERSTEIWIDERDENMU2008 | ||